Analysis of the Process of Basic Modules of Social Services Information System
Rozbor procesu základných modulov informačného systému sociálnych služieb, ktoré zahŕňajú modul registratúry, zberný modul, centrálny modul a verejný modul. Niektoré moduly sú prístupné verejnosti, niektoré pre potreby poskytovateľov sociálnych služieb na Slovensku a niektoré z nich sú prínosom pre...
Gespeichert in:
| 1. Verfasser: | |
|---|---|
| Weitere Verfasser: | |
| Format: | Buchkapitel |
| Sprache: | Englisch |
| Schlagworte: | |
| Tags: |
Keine Tags, Fügen Sie das erste Tag hinzu!
|
MARC
| LEADER | 00000naa$a2200000$$$4500 | ||
|---|---|---|---|
| 001 | 0298594 | ||
| 005 | 20240502074528.2 | ||
| 041 | 0 | |a eng | |
| 044 | |a SK | ||
| 245 | 1 | 0 | |a Analysis of the Process of Basic Modules of Social Services Information System |c Mariana Ivaničková, Miroslava Barkóciová |
| 520 | |a Rozbor procesu základných modulov informačného systému sociálnych služieb, ktoré zahŕňajú modul registratúry, zberný modul, centrálny modul a verejný modul. Niektoré moduly sú prístupné verejnosti, niektoré pre potreby poskytovateľov sociálnych služieb na Slovensku a niektoré z nich sú prínosom pre spracovanie a rozbor štatistických údajov. | ||
| 610 | 2 | 0 | |a systém |
| 610 | 2 | 0 | |a systémy informačné |
| 610 | 2 | 0 | |a moduly |
| 610 | 2 | 0 | |a služby sociálne |
| 610 | 2 | 0 | |a služby starostlivosti sociálnej |
| 610 | 2 | 0 | |a analýzy |
| 100 | 1 | |a Ivaničková, Mariana, 1977- | |
| 700 | 1 | |a Barkóciová, Miroslava, 1996- | |